[Event "Titled Tuesday intern op 02nd Apr Early"]
[Site "Chess.com INT"]
[Date "2024.04.02"]
[Round "1"]
[White "Arencibia Monduy, Antonio"]
[Black "Putnam, Liam H"]
[Result "0-1"]
[WhiteElo "2122"]
[BlackElo "2323"]
[PlyCount "64"]
[EventDate "2024.04.02"]
[EventType "swiss (blitz)"]
[EventRounds "11"]
[EventCountry "USA"]
[SourceTitle "CB15_2024"]
[SourceDate "2024.04.10"]
[SourceVersion "1"]
[SourceVersionDate "2024.04.10"]
[SourceQuality "1"]

1. e4 c5 2. Nf3 e6 3. d4 cxd4 4. Nxd4 a6 5. Nc3 Qc7 6. Bd3 Nf6 7. Be3 Nc6 8. Nxc6 bxc6 9. 0-0 d5 10. exd5 cxd5 11. h3 Be7 12. a4 0-0 13. a5 Bb7 14. Bb6 Qc6 15. Be2 Nd7 16. Na4 Rac8 17. c3 e5 18. f3 Nxb6 19. axb6 Bc5+ 20. Nxc5 Qxc5+ 21. Kh1 Qxb6 22. Qd2 Rfd8 23. Ra3 h6 24. Rfa1 d4 25. cxd4 Rxd4 26. Qe3 Qxb2 27. Qxe5 Rd1+ 28. Bxd1 Qxe5 29. Bb3 Bd5 30. Ra5 Rc5 31. Bxd5 Rxa5 32. Rxa5 Qe1+ 0-1

[Event "Titled Tuesday intern op 02nd Apr Early"]
[Site "Chess.com INT"]
[Date "2024.04.02"]
[Round "4"]
[White "Bielinski, Dariusz"]
[Black "Arencibia Monduy, Antonio"]
[Result "0-1"]
[WhiteElo "2135"]
[BlackElo "2122"]
[PlyCount "122"]
[EventDate "2024.04.02"]
[EventType "swiss (blitz)"]
[EventRounds "11"]
[EventCountry "USA"]
[SourceTitle "CB15_2024"]
[SourceDate "2024.04.10"]
[SourceVersion "1"]
[SourceVersionDate "2024.04.10"]
[SourceQuality "1"]

1. c4 b6 2. e4 Bb7 3. Nc3 e6 4. d4 d6 5. Nf3 Nd7 6. Be2 e5 7. d5 g6 8. 0-0 Bg7 9. Bg5 f6 10. Be3 Ne7 11. Nd2 f5 12. f3 f4 13. Bf2 g5 14. b4 Ng6 15. c5 bxc5 16. bxc5 Nxc5 17. Bxc5 dxc5 18. Qa4+ Kf7 19. Rab1 Bc8 20. Qc6 Bd7 21. Qxc5 Qe7 22. Qxe7+ Nxe7 23. Bb5 Bxb5 24. Nxb5 c6 25. Nd6+ Kf6 26. Rb7 Rhd8 27. N2c4 cxd5 28. exd5 Nxd5 29. Re1 Ne3 30. Ne4+ Kg6 31. Nxe3 fxe3 32. Rxe3 Rdb8 33. Reb3 Rxb7 34. Rxb7 a5 35. Nxg5 Kxg5 36. Rxg7+ Kf4 37. Rxh7 Rb8 38. Rh4+ Kf5 39. Ra4 Rb5 40. Kf2 Rc5 41. h4 Kg6 42. g4 Rb5 43. Kg3 Rc5 44. Re4 Rd5 45. h5+ Kf6 46. Kh4 Rd2 47. g5+ Kf5 48. Kg3 Rxa2 49. g6 Ra1 50. Rg4 Rg1+ 51. Kf2 Rxg4 52. fxg4+ Kf6 53. g5+ Kg7 54. Ke3 a4 55. Ke4 a3 56. Kf5 a2 57. h6+ Kg8 58. Kf6 a1Q 59. h7+ Kh8 60. g7+ Kxh7 61. Kf7 Qa7+ 0-1

[Event "Titled Tuesday intern op 02nd Apr Early"]
[Site "Chess.com INT"]
[Date "2024.04.02"]
[Round "5"]
[White "Kislinsky, Alexey"]
[Black "Arencibia Monduy, Antonio"]
[Result "0-1"]
[WhiteElo "2355"]
[BlackElo "2122"]
[PlyCount "110"]
[EventDate "2024.04.02"]
[EventType "swiss (blitz)"]
[EventRounds "11"]
[EventCountry "USA"]
[SourceTitle "CB15_2024"]
[SourceDate "2024.04.10"]
[SourceVersion "1"]
[SourceVersionDate "2024.04.10"]
[SourceQuality "1"]

1. e4 e6 2. d4 d5 3. e5 c5 4. c3 Nc6 5. Nf3 cxd4 6. cxd4 Nge7 7. Na3 Nf5 8. Nc2 Be7 9. Bd3 0-0 10. 0-0 f6 11. Bxf5 exf5 12. Bf4 fxe5 13. dxe5 g5 14. Bc1 g4 15. Nfd4 Nxe5 16. Re1 Bf6 17. Bh6 Re8 18. Ne3 Bg5 19. Nexf5 Qf6 20. Bxg5 Qxg5 21. Ng3 Bd7 22. Qb3 Bc6 23. Qc3 Rac8 24. Nxc6 bxc6 25. Re3 Nc4 26. Rxe8+ Rxe8 27. Nf1 Qe5 28. Qxe5 Nxe5 29. Rc1 Kf7 30. Ne3 Ke6 31. Rd1 Rb8 32. b3 a5 33. Nc2 c5 34. Re1 d4 35. f4 gxf3 36. gxf3 Kd5 37. Kf1 Rf8 38. Na3 Rxf3+ 39. Ke2 Re3+ 40. Kd2 Rxe1 41. Kxe1 Nf3+ 42. Ke2 Nxh2 43. Kd3 Nf3 44. Nc4 Ne5+ 45. Nxe5 Kxe5 46. Kc4 Ke4 47. a4 d3 48. Kc3 Ke3 49. b4 cxb4+ 50. Kb3 d2 51. Ka2 d1Q 52. Kb2 Qxa4 53. Kb1 Qb3+ 54. Ka1 Qd3 55. Kb2 h5 0-1

[Event "Titled Tuesday intern op 24th Oct Late"]
[Site "Chess.com INT"]
[Date "2023.10.24"]
[Round "1"]
[White "Bortnyk, Mykola"]
[Black "Arencibia Monduy, Antonio"]
[Result "1-0"]
[WhiteElo "2415"]
[BlackElo "2122"]
[PlyCount "47"]
[EventDate "2023.10.24"]
[EventType "swiss (blitz)"]
[EventRounds "11"]
[EventCountry "USA"]
[SourceTitle "Mega2024 Update 01"]
[Source "Chessbase"]
[SourceDate "2023.11.12"]
[SourceVersion "1"]
[SourceVersionDate "2023.11.12"]
[SourceQuality "1"]

1. e4 e6 2. d4 d5 3. exd5 exd5 4. c4 dxc4 5. Bxc4 Nf6 6. Qb3 Qe7+ 7. Be3 c6 8. Nf3 b5 9. Bd3 Nd5 10. 0-0 Nxe3 11. fxe3 Qxe3+ 12. Kh1 Be6 13. Qc2 Bd6 14. d5 cxd5 15. Bxb5+ Ke7 16. Nc3 Qc5 17. Rae1 h6 18. b4 Qc8 19. Nxd5+ Kd8 20. Qd3 Qb7 21. Nf4 Ke7 22. Nxe6 fxe6 23. Qg6 Kf8 24. Qe8# 1-0

[Event "Titled Tuesday intern op 19th Sep Late"]
[Site "Chess.com INT"]
[Date "2023.09.19"]
[Round "1"]
[White "Arencibia Monduy, Antonio"]
[Black "De Souza, Arthur Olintho"]
[Result "1-0"]
[WhiteElo "2122"]
[BlackElo "2113"]
[PlyCount "43"]
[EventDate "2023.09.19"]
[EventType "swiss (blitz)"]
[EventRounds "11"]
[EventCountry "USA"]
[SourceTitle "EXT 2024"]
[Source "ChessBase"]
[SourceDate "2023.10.10"]
[SourceVersion "1"]
[SourceVersionDate "2023.10.10"]
[SourceQuality "1"]

1. e4 c6 2. d4 d5 3. e5 Bf5 4. Nf3 e6 5. Be2 c5 6. c3 cxd4 7. Nxd4 Nc6 8. Nxf5 exf5 9. 0-0 Nxe5 10. Re1 Be7 11. Bb5+ Nc6 12. Bg5 f6 13. Bf4 Qd7 14. Qa4 Kf7 15. Nd2 a6 16. Nf3 g5 17. Bxg5 fxg5 18. Ne5+ Nxe5 19. Bxd7 b5 20. Qd4 Bf6 21. Qxd5+ Kg7 22. Qxa8 1-0

[Event "Titled Tuesday intern op 19th Sep Late"]
[Site "Chess.com INT"]
[Date "2023.09.19"]
[Round "2"]
[White "Arencibia Monduy, Antonio"]
[Black "Tristan, Leonardo"]
[Result "0-1"]
[WhiteElo "2122"]
[BlackElo "2523"]
[PlyCount "154"]
[EventDate "2023.09.19"]
[EventType "swiss (blitz)"]
[EventRounds "11"]
[EventCountry "USA"]
[SourceTitle "EXT 2024"]
[Source "ChessBase"]
[SourceDate "2023.10.10"]
[SourceVersion "1"]
[SourceVersionDate "2023.10.10"]
[SourceQuality "1"]

1. e4 d5 2. exd5 Qxd5 3. Nc3 Qa5 4. Nf3 Nf6 5. Be2 Bf5 6. d3 c6 7. 0-0 e6 8. Re1 Be7 9. a3 0-0 10. Bf4 h6 11. b4 Qd8 12. h3 Nbd7 13. Qd2 Nd5 14. Nxd5 cxd5 15. c3 Bf6 16. d4 Be7 17. Bd3 Bxd3 18. Qxd3 Rc8 19. Ne5 Nf6 20. Re3 Ne4 21. Rc1 Bh4 22. Rf3 Qe8 23. c4 f6 24. Ng4 h5 25. Nh2 Qc6 26. c5 e5 27. dxe5 Bxf2+ 28. Kh1 fxe5 29. Bxe5 Qe6 30. Bd6 Qxd6 31. Rxf8+ Rxf8 32. Qxe4 dxe4 33. cxd6 Rd8 34. Rc4 e3 35. Nf3 Rxd6 36. g4 hxg4 37. hxg4 e2 38. Re4 Rd1+ 39. Kg2 e1Q 40. Nxe1 Bxe1 41. Re7 Rd2+ 42. Kf1 Bf2 43. Rxb7 Bb6 44. a4 Rb2 45. a5 Bxa5 46. Rxa7 Bxb4 47. Rb7 Bc3 48. Rc7 Bf6 49. Rc4 Kh7 50. Kg1 Kg6 51. Kf1 Kg5 52. Kg1 Kh4 53. Kf1 Rb3 54. Kf2 Bg5 55. Rc7 Rb2+ 56. Kf3 Rb3+ 57. Kf2 Bh6 58. Rc4 Rh3 59. Kg2 Rg3+ 60. Kf2 Rxg4 61. Rc6 Rf4+ 62. Kg2 Rf6 63. Rc4+ Bf4 64. Ra4 g5 65. Ra8 g4 66. Rh8+ Rh6 67. Rg8 Kh5 68. Rf8 Kg5 69. Rg8+ Kf5 70. Rf8+ Ke4 71. Ra8 Rh2+ 72. Kg1 Rd2 73. Ra4+ Kf3 74. Ra3+ Be3+ 75. Kh1 Rd1+ 76. Kh2 g3+ 77. Kh3 Rh1# 0-1

[Event "Titled Tuesday intern op 05th Sep Late"]
[Site "Chess.com INT"]
[Date "2023.09.05"]
[Round "2"]
[White "Arencibia Monduy, Antonio"]
[Black "Powell, Paul J"]
[Result "1-0"]
[WhiteElo "2122"]
[BlackElo "2270"]
[PlyCount "61"]
[EventDate "2023.09.05"]
[EventType "swiss (blitz)"]
[EventRounds "11"]
[EventCountry "USA"]
[SourceTitle "EXT 2024"]
[Source "ChessBase"]
[SourceDate "2023.10.10"]
[SourceVersion "1"]
[SourceVersionDate "2023.10.10"]
[SourceQuality "1"]

1. e4 c5 2. Nf3 d6 3. c3 Nf6 4. Bd3 g6 5. 0-0 Bg7 6. h3 0-0 7. Re1 Nc6 8. Bc2 b5 9. d4 cxd4 10. cxd4 Bb7 11. a3 Na5 12. Nc3 a6 13. Bg5 Rc8 14. Qe2 Nc4 15. Bd3 Re8 16. Rad1 Nxa3 17. e5 Nh5 18. g4 Qd7 19. gxh5 Qxh3 20. Be4 d5 21. Nxd5 Bxd5 22. Bxd5 Rc2 23. Qe3 Nc4 24. Bxc4 Rxc4 25. Bf4 Qxh5 26. e6 f6 27. Bg3 Rec8 28. Kg2 Rc2 29. Re2 Bh6 30. Rxc2 Rxc2 31. Qe4 1-0

[Event "Titled Tuesday intern op 05th Sep Early"]
[Site "Chess.com INT"]
[Date "2023.09.05"]
[Round "1"]
[White "Arencibia Monduy, Antonio"]
[Black "Soto Hernandez, Henry"]
[Result "0-1"]
[WhiteElo "2122"]
[BlackElo "2490"]
[PlyCount "76"]
[EventDate "2023.09.05"]
[EventType "swiss (blitz)"]
[EventRounds "11"]
[EventCountry "USA"]
[SourceTitle "EXT 2024"]
[Source "ChessBase"]
[SourceDate "2023.10.10"]
[SourceVersion "1"]
[SourceVersionDate "2023.10.10"]
[SourceQuality "1"]

1. e4 d6 2. d4 Nf6 3. Nc3 g6 4. Nf3 Bg7 5. h3 0-0 6. Be3 c6 7. Qd2 Nbd7 8. Be2 e5 9. 0-0 Re8 10. dxe5 dxe5 11. Rfd1 Qe7 12. a3 Nc5 13. Bd3 Rd8 14. Qe2 Nh5 15. Bg5 Bf6 16. Be3 Nxd3 17. Rxd3 Be6 18. Rad1 Rxd3 19. Qxd3 Qc7 20. Kh2 b6 21. Bg5 Rd8 22. Qf1 Rxd1 23. Qxd1 Kg7 24. Bxf6+ Nxf6 25. Qd2 h6 26. g3 Nd7 27. Kg2 b5 28. Qe3 a5 29. Nd2 Qd6 30. f4 Nc5 31. Nf3 exf4 32. gxf4 b4 33. axb4 axb4 34. Ne2 Qd1 35. Ned4 Bc4 36. Qf2 Nxe4 37. Qe3 Qf1+ 38. Kh2 Bd5 0-1

[Event "Titled Tuesday intern op 05th Sep Early"]
[Site "Chess.com INT"]
[Date "2023.09.05"]
[Round "3"]
[White "Sabar, Ethmane Daouda"]
[Black "Arencibia Monduy, Antonio"]
[Result "0-1"]
[WhiteElo "2040"]
[BlackElo "2122"]
[PlyCount "88"]
[EventDate "2023.09.05"]
[EventType "swiss (blitz)"]
[EventRounds "11"]
[EventCountry "USA"]
[SourceTitle "EXT 2024"]
[Source "ChessBase"]
[SourceDate "2023.10.10"]
[SourceVersion "1"]
[SourceVersionDate "2023.10.10"]
[SourceQuality "1"]

1. b3 b6 2. Bb2 Bb7 3. e3 Nf6 4. f4 g6 5. Bxf6 exf6 6. Nf3 Bg7 7. c4 f5 8. Nc3 0-0 9. Be2 c6 10. 0-0 Na6 11. a3 d5 12. cxd5 cxd5 13. d4 Re8 14. Qd2 Qe7 15. Nd1 Rac8 16. Re1 Nc5 17. Rc1 Ne4 18. Qb2 Rxc1 19. Qxc1 Rc8 20. Qb2 Qc7 21. Bd3 Nf6 22. Ne5 Bf8 23. Nf2 Bd6 24. h3 Qe7 25. b4 Qc7 26. Kh2 Qc3 27. Re2 Qxb2 28. Rxb2 Rc3 29. a4 Ne4 30. Bxe4 fxe4 31. a5 Rxe3 32. axb6 axb6 33. Nd7 Bxf4+ 34. g3 Rxg3 35. Kh1 e3 36. Nd3 Rxh3+ 37. Kg1 Bc7 38. Rc2 Bd8 39. Nf4 Rf3 40. Nd3 Ba6 41. N3e5 Rf1+ 42. Kg2 Rd1 43. Ra2 Rd2+ 44. Rxd2 exd2 0-1

[Event "Titled Tuesday intern op 05th Sep Late"]
[Site "Chess.com INT"]
[Date "2023.09.05"]
[Round "4"]
[White "Wu, Derek"]
[Black "Arencibia Monduy, Antonio"]
[Result "1-0"]
[WhiteElo "2255"]
[BlackElo "2122"]
[PlyCount "57"]
[EventDate "2023.09.05"]
[EventType "swiss (blitz)"]
[EventRounds "11"]
[EventCountry "USA"]
[SourceTitle "EXT 2024"]
[Source "ChessBase"]
[SourceDate "2023.10.10"]
[SourceVersion "1"]
[SourceVersionDate "2023.10.10"]
[SourceQuality "1"]

1. e4 b6 2. d4 Bb7 3. Bd3 g6 4. Nc3 Bg7 5. h4 h5 6. Be3 e6 7. Nh3 d6 8. Qe2 Ne7 9. 0-0-0 Nbc6 10. d5 Ne5 11. Bb5+ c6 12. dxc6 N5xc6 13. Kb1 Qc7 14. Ng5 a6 15. Ba4 b5 16. Bb3 Bc8 17. Qd2 0-0 18. Qxd6 Qb7 19. g4 Na5 20. gxh5 Nxb3 21. axb3 a5 22. hxg6 Nxg6 23. h5 Ne7 24. h6 Bxc3 25. bxc3 f6 26. h7+ Kh8 27. Nf7+ Rxf7 28. Qd8+ Kg7 29. h8Q+ 1-0

[Event "Titled Tuesday intern op 22nd Aug Early"]
[Site "Chess.com INT"]
[Date "2023.08.22"]
[Round "9"]
[White "Al Tarbosh, Ward"]
[Black "Arencibia Monduy, Antonio"]
[Result "1-0"]
[WhiteElo "2280"]
[BlackElo "2122"]
[PlyCount "75"]
[EventDate "2023.08.22"]
[EventType "swiss (blitz)"]
[EventRounds "11"]
[EventCountry "USA"]
[SourceTitle "EXT 2024"]
[Source "ChessBase"]
[SourceDate "2023.10.10"]
[SourceVersion "1"]
[SourceVersionDate "2023.10.10"]
[SourceQuality "1"]

1. e4 c5 2. Nf3 d6 3. d4 cxd4 4. Nxd4 Nf6 5. Nc3 a6 6. h3 e5 7. Nde2 Be6 8. g4 h6 9. Bg2 Nc6 10. Be3 Be7 11. Ng3 Rc8 12. Nf5 Bxf5 13. exf5 Qa5 14. 0-0 0-0 15. Qd2 Qc7 16. Rad1 Rfd8 17. Qe2 b5 18. a3 Na5 19. h4 Qc4 20. g5 Qxe2 21. Nxe2 hxg5 22. hxg5 Ng4 23. Bb6 Nc4 24. Bxd8 Bxd8 25. Bb7 Rc7 26. Bxa6 Bxg5 27. Bxb5 Nxb2 28. Rxd6 Rxc2 29. a4 e4 30. a5 e3 31. f4 Be7 32. Rd7 Bc5 33. a6 Nf6 34. a7 Bxa7 35. Rxa7 Rc5 36. Kg2 Rxb5 37. Ra8+ Kh7 38. Rh1+ 1-0

[Event "Titled Tuesday intern op 22nd Aug Late"]
[Site "Chess.com INT"]
[Date "2023.08.22"]
[Round "2"]
[White "Arencibia Monduy, Antonio"]
[Black "Koziorowicz, Michal"]
[Result "1/2-1/2"]
[WhiteElo "2122"]
[BlackElo "2319"]
[PlyCount "130"]
[EventDate "2023.08.22"]
[EventType "swiss (blitz)"]
[EventRounds "11"]
[EventCountry "USA"]
[SourceTitle "EXT 2024"]
[Source "ChessBase"]
[SourceDate "2023.10.10"]
[SourceVersion "1"]
[SourceVersionDate "2023.10.10"]
[SourceQuality "1"]

1. e4 c5 2. Nf3 Nc6 3. c3 Nf6 4. e5 Nd5 5. d4 cxd4 6. cxd4 d6 7. exd6 Qxd6 8. Nc3 Nxc3 9. bxc3 g6 10. Be2 Bg7 11. 0-0 0-0 12. Be3 Bg4 13. h3 Bxf3 14. Bxf3 Rac8 15. Rb1 Qd7 16. Qa4 Rfd8 17. Rfd1 a6 18. Qb3 Na5 19. Qb4 Qc7 20. Rdc1 b5 21. a4 Rb8 22. axb5 axb5 23. Ra1 Nc4 24. Bg5 Re8 25. Re1 e6 26. Bh4 Nd2 27. Be2 Bf8 28. Qb2 Nc4 29. Qc2 Ra8 30. Bf3 Rxa1 31. Rxa1 Bd6 32. Bf6 Rc8 33. Be2 Be7 34. Bxe7 Qxe7 35. Bxc4 Rxc4 36. Rb1 Qc7 37. Qb3 Rxc3 38. Qxb5 Rc1+ 39. Rxc1 Qxc1+ 40. Qf1 Qxf1+ 41. Kxf1 Kf8 42. Ke2 Ke7 43. Kd3 Kd6 44. Ke4 f6 45. f4 h5 46. g4 hxg4 47. hxg4 g5 48. fxg5 fxg5 49. Kd3 Kd5 50. Ke3 e5 51. dxe5 Kxe5 52. Kf3 Kd4 53. Kf2 Ke4 54. Kg2 Kf4 55. Kh2 Kf3 56. Kg1 Kg3 57. Kf1 Kf3 58. Kg1 Kf4 59. Kf2 Kxg4 60. Kg2 Kf4 61. Kf2 g4 62. Kg2 g3 63. Kg1 Kf3 64. Kf1 g2+ 65. Kg1 Kg3 1/2-1/2

[Event "Titled Tuesday intern op 22nd Aug Late"]
[Site "Chess.com INT"]
[Date "2023.08.22"]
[Round "1"]
[White "Arencibia Monduy, Antonio"]
[Black "Riehle, Marco"]
[Result "1-0"]
[WhiteElo "2122"]
[BlackElo "2368"]
[PlyCount "105"]
[EventDate "2023.08.22"]
[EventType "swiss (blitz)"]
[EventRounds "11"]
[EventCountry "USA"]
[SourceTitle "EXT 2024"]
[Source "ChessBase"]
[SourceDate "2023.10.10"]
[SourceVersion "1"]
[SourceVersionDate "2023.10.10"]
[SourceQuality "1"]

1. e4 e5 2. Bc4 Nf6 3. d3 c6 4. Nf3 b5 5. Bb3 d6 6. 0-0 Be7 7. c3 0-0 8. Nbd2 Be6 9. Re1 Bxb3 10. Qxb3 Nbd7 11. Nf1 Re8 12. Ng3 h6 13. d4 Bf8 14. a4 a6 15. axb5 axb5 16. Rxa8 Qxa8 17. h3 Qb7 18. Be3 exd4 19. Bxd4 c5 20. Bxf6 Nxf6 21. Qc2 g6 22. Qd3 Qc6 23. c4 bxc4 24. Qxc4 d5 25. exd5 Rxe1+ 26. Nxe1 Qxd5 27. Qc2 Bd6 28. Nf1 Be5 29. b3 Ne4 30. Nf3 Bd4 31. Ne3 Bxe3 32. fxe3 Kh7 33. Qc4 Qb7 34. Ne5 f6 35. Nd3 Nd2 36. Nxc5 Qe7 37. Qd4 h5 38. b4 Nb1 39. Ne4 Kg7 40. b5 Na3 41. b6 Nb5 42. Qc4 Nd6 43. Nxd6 Qxe3+ 44. Kh1 Qe1+ 45. Kh2 Qe5+ 46. Kg1 Qxd6 47. Qc7+ Qxc7 48. bxc7 Kh6 49. c8Q f5 50. Qh8+ Kg5 51. Qd8+ Kh6 52. h4 f4 53. Qh8# 1-0

[Event "Titled Tuesday intern op 22nd Aug Late"]
[Site "Chess.com INT"]
[Date "2023.08.22"]
[Round "5"]
[White "Arencibia Monduy, Antonio"]
[Black "Rosen, Eric S"]
[Result "1-0"]
[WhiteElo "2122"]
[BlackElo "2341"]
[PlyCount "205"]
[EventDate "2023.08.22"]
[EventType "swiss (blitz)"]
[EventRounds "11"]
[EventCountry "USA"]
[SourceTitle "EXT 2024"]
[Source "ChessBase"]
[SourceDate "2023.10.10"]
[SourceVersion "1"]
[SourceVersionDate "2023.10.10"]
[SourceQuality "1"]

1. e4 c5 2. Nf3 Nc6 3. c3 d5 4. exd5 Qxd5 5. d4 Nf6 6. Be2 e6 7. 0-0 Be7 8. Be3 cxd4 9. Nxd4 Nxd4 10. Bxd4 0-0 11. Bf3 Qf5 12. Re1 Rd8 13. Qb3 Rb8 14. Bxa7 Ra8 15. Bb6 Re8 16. Nd2 Bd7 17. Ne4 Nd5 18. Ng3 Qg5 19. Bd4 Ba4 20. Qc4 Bc6 21. Re5 Qg6 22. Bh5 Qh6 23. Ree1 Bd6 24. Bf3 Rec8 25. Qe2 Nf4 26. Qe3 Bxf3 27. Qxf3 Nd5 28. a3 Qg6 29. Rad1 Bf8 30. h3 b5 31. Qd3 Rab8 32. Qxg6 hxg6 33. Ne4 Be7 34. g3 Kf8 35. f4 Rb7 36. Kg2 Rc4 37. Kf3 Rb8 38. Bf2 Rbc8 39. Rd4 R4c7 40. Red1 Ke8 41. a4 b4 42. Be1 b3 43. Bf2 Rc4 44. Rxc4 Rxc4 45. Rd4 Rc8 46. Nd2 Bc5 47. Rc4 Kd7 48. Rxc5 Ra8 49. a5 Rb8 50. a6 Kd6 51. Nc4+ Kd7 52. Na5 Ra8 53. Rc6 g5 54. c4 Nb4 55. Rb6 Nxa6 56. Rxb3 Nc7 57. Nb7 gxf4 58. gxf4 Kc6 59. Nc5 Rh8 60. Kg2 Rh5 61. Nd3 Kd6 62. Rb6+ Kd7 63. Ne5+ Ke7 64. Rb7 Kd6 65. c5+ Kd5 66. Rxc7 f6 67. Rd7+ Ke4 68. Rd4+ Kf5 69. Nf3 Rh8 70. c6 Rc8 71. Rc4 g5 72. fxg5 fxg5 73. b4 e5 74. b5 e4 75. Nd4+ Kf4 76. Ne2+ Ke5 77. b6 Kd5 78. Rc5+ Kd6 79. b7 Rb8 80. Bg3+ Ke6 81. Bxb8 Kf6 82. c7 Kg6 83. c8Q e3 84. Bg3 g4 85. Qxg4+ Kf7 86. Qe4 Kf6 87. Qxe3 Kg7 88. Re5 Kg6 89. Nc3 Kh7 90. Nb5 Kg6 91. Nd6 Kh7 92. h4 Kg6 93. Kh3 Kg7 94. Kg4 Kf8 95. h5 Kg7 96. Qe1 Kf8 97. Re2 Kg7 98. b8Q Kh6 99. Re6+ Kg7 100. Qe5+ Kh7 101. Qe2 Kg7 102. Be5+ Kh7 103. Qe4# 1-0

[Event "Titled Tuesday intern op 22nd Aug Late"]
[Site "Chess.com INT"]
[Date "2023.08.22"]
[Round "6"]
[White "Godzwon, Iwo"]
[Black "Arencibia Monduy, Antonio"]
[Result "0-1"]
[WhiteElo "2402"]
[BlackElo "2122"]
[PlyCount "34"]
[EventDate "2023.08.22"]
[EventType "swiss (blitz)"]
[EventRounds "11"]
[EventCountry "USA"]
[SourceTitle "EXT 2024"]
[Source "ChessBase"]
[SourceDate "2023.10.10"]
[SourceVersion "1"]
[SourceVersionDate "2023.10.10"]
[SourceQuality "1"]

1. c4 Nf6 2. Nc3 e6 3. e4 d5 4. cxd5 exd5 5. e5 d4 6. exf6 dxc3 7. fxg7 cxd2+ 8. Qxd2 Qxd2+ 9. Bxd2 Bxg7 10. 0-0-0 Be6 11. Nf3 Nd7 12. Kb1 0-0-0 13. Be1 Nc5 14. Rxd8+ Rxd8 15. Be2 Na4 16. b3 Bf5+ 17. Kc1 Bb2# 0-1

[Event "Titled Tuesday intern op 22nd Aug Late"]
[Site "Chess.com INT"]
[Date "2023.08.22"]
[Round "9"]
[White "Magold, Filip"]
[Black "Arencibia Monduy, Antonio"]
[Result "1-0"]
[WhiteElo "2359"]
[BlackElo "2122"]
[PlyCount "79"]
[EventDate "2023.08.22"]
[EventType "swiss (blitz)"]
[EventRounds "11"]
[EventCountry "USA"]
[SourceTitle "EXT 2024"]
[Source "ChessBase"]
[SourceDate "2023.10.10"]
[SourceVersion "1"]
[SourceVersionDate "2023.10.10"]
[SourceQuality "1"]

1. c4 Nf6 2. Nc3 e6 3. e4 d5 4. e5 d4 5. exf6 dxc3 6. bxc3 Qxf6 7. d4 Bd6 8. Nf3 h6 9. Bd3 0-0 10. Rb1 c5 11. 0-0 cxd4 12. cxd4 Nc6 13. Re1 b6 14. Be4 Bd7 15. c5 Bc7 16. d5 exd5 17. Qxd5 Rad8 18. Bb2 Qf4 19. g3 Qg4 20. Rbd1 Na5 21. Ne5 Bxe5 22. Bxe5 Qe6 23. cxb6 Qxd5 24. Bxd5 Bg4 25. bxa7 Bxd1 26. Rxd1 Rxd5 27. Rxd5 Nc6 28. Bb8 Nxa7 29. Bxa7 Re8 30. Rd7 Re2 31. a4 Ra2 32. Rd4 Ra3 33. Bc5 Rb3 34. a5 Rc3 35. Bb6 Rc1+ 36. Kg2 Ra1 37. Rd8+ Kh7 38. Rd7 Kg6 39. h4 Rd1 40. Rxd1 1-0

[Event "Speed Chess Q1 Sw"]
[Site "Chess.com INT"]
[Date "2023.08.21"]
[Round "5"]
[White "Arencibia Monduy, Antonio"]
[Black "Mulawa, Cyprian"]
[Result "1-0"]
[WhiteElo "2122"]
[BlackElo "2186"]
[PlyCount "97"]
[EventDate "2023.08.21"]
[EventType "k.o. (blitz)"]
[EventRounds "14"]
[EventCountry "USA"]
[SourceTitle "CBM 215 Extra"]
[Source "ChessBase"]
[SourceDate "2023.09.30"]
[SourceVersion "1"]
[SourceVersionDate "2023.09.30"]
[SourceQuality "1"]

1. e4 c6 2. d4 d5 3. e5 Bf5 4. c3 e6 5. Nf3 Nd7 6. Nbd2 Ne7 7. Nb3 Bg4 8. Be2 c5 9. 0-0 Nc6 10. Be3 Rc8 11. h3 Bh5 12. dxc5 Bxf3 13. Bxf3 Ncxe5 14. Be2 Nxc5 15. Nxc5 Bxc5 16. Bxc5 Rxc5 17. Qd4 Nd7 18. Qxg7 Qf6 19. Qg3 Ke7 20. Rfe1 Rcc8 21. Qe3 Nb6 22. Rad1 h6 23. a4 Qg5 24. Qd4 Rhg8 25. Bf1 Nc4 26. Qxa7 Kf6 27. Qd4+ Ke7 28. b3 Nd6 29. c4 Nf5 30. Qxd5 Rgd8 31. Qxb7+ Kf8 32. Qe4 Rxd1 33. Rxd1 Rb8 34. Qd3 Kg8 35. c5 Ne7 36. Qd6 Rxb3 37. c6 Rc3 38. c7 Qc5 39. Qxc5 Rxc5 40. Rd7 Kf8 41. Bb5 Rc1+ 42. Kh2 Rc2 43. a5 Rc5 44. a6 Rxb5 45. a7 Ra5 46. Rd8+ Kg7 47. a8Q Rxa8 48. Rxa8 Nc8 49. Rxc8 1-0

[Event "Speed Chess Q1 Sw"]
[Site "Chess.com INT"]
[Date "2023.08.21"]
[Round "11"]
[White "Arencibia Monduy, Antonio"]
[Black "Pershina, Elena"]
[Result "0-1"]
[WhiteElo "2122"]
[BlackElo "2114"]
[PlyCount "86"]
[EventDate "2023.08.21"]
[EventType "k.o. (blitz)"]
[EventRounds "14"]
[EventCountry "USA"]
[SourceTitle "CBM 215 Extra"]
[Source "ChessBase"]
[SourceDate "2023.09.30"]
[SourceVersion "1"]
[SourceVersionDate "2023.09.30"]
[SourceQuality "1"]

1. e4 c5 2. Nf3 Nc6 3. c3 Nf6 4. e5 Nd5 5. d4 cxd4 6. cxd4 d6 7. exd6 Qxd6 8. Nc3 Bg4 9. Be2 e6 10. 0-0 Be7 11. h3 Bh5 12. a3 0-0 13. Ne4 Qd8 14. Be3 Nxe3 15. fxe3 Rc8 16. Rc1 Qb6 17. b4 Rfd8 18. Qe1 Bxf3 19. Rxf3 e5 20. Bc4 Rf8 21. d5 Nb8 22. Qd2 Bd6 23. Rff1 Nd7 24. Bb3 h6 25. Ng3 g6 26. Kh1 Kg7 27. Ne4 f5 28. Nxd6 Qxd6 29. e4 fxe4 30. Rxf8 Rxf8 31. Qe3 Nf6 32. Qxa7 Rf7 33. Rd1 Nh5 34. Qe3 b5 35. Qxe4 Ng3+ 36. Kh2 Nxe4 37. Re1 Nc3 38. Rc1 Ne2 39. Rc6 Qd7 40. Rc2 Nd4 41. d6 Nxb3 42. Rc7 Qxc7 43. dxc7 Rxc7 0-1

[Event "Speed Chess Q1 Sw"]
[Site "Chess.com INT"]
[Date "2023.08.21"]
[Round "8"]
[White "Arencibia Monduy, Antonio"]
[Black "Sakun, Volodymyr"]
[Result "0-1"]
[WhiteElo "2122"]
[BlackElo "2370"]
[PlyCount "100"]
[EventDate "2023.08.21"]
[EventType "k.o. (blitz)"]
[EventRounds "14"]
[EventCountry "USA"]
[SourceTitle "CBM 215 Extra"]
[Source "ChessBase"]
[SourceDate "2023.09.30"]
[SourceVersion "1"]
[SourceVersionDate "2023.09.30"]
[SourceQuality "1"]

1. e4 e5 2. Bc4 Nf6 3. d3 c6 4. Nf3 d5 5. Bb3 Bd6 6. 0-0 dxe4 7. dxe4 0-0 8. Qe2 h6 9. Re1 Nbd7 10. c3 Nc5 11. Bc2 a5 12. h3 b5 13. Nbd2 a4 14. Nf1 Re8 15. Ng3 Qc7 16. Nh4 Bf8 17. Qf3 Nh7 18. Nhf5 Ne6 19. Be3 Nhg5 20. Qe2 Nf4 21. Qd2 Nfxh3+ 22. gxh3 Nf3+ 23. Kg2 Nxd2 24. Bxd2 Kh7 25. Rad1 g6 26. Ne3 h5 27. Rf1 Be6 28. Ne2 Bh6 29. Bb1 Rad8 30. Bc1 Qe7 31. Ng3 h4 32. Ne2 Bc4 33. Nxc4 bxc4 34. Bxh6 Kxh6 35. Bc2 a3 36. bxa3 Qxa3 37. Bb1 Qb2 38. Kf3 Rxd1 39. Rxd1 Re6 40. Rf1 Qd2 41. Ng1 Rf6+ 42. Kg2 Qxc3 43. a4 Qb4 44. Bc2 Qb2 45. Bd1 c3 46. Nf3 c2 47. Bxc2 Qxc2 48. Re1 Rf4 49. Nxe5 Qxf2+ 50. Kh1 Qxe1+ 0-1